Human Rights Defenders at Cross Roads in Cameroon

Detalles Bibliográficos
Autor principal: Amabo, Cecilia Binwi
Formato: eBook
Lenguaje:inglés
Publicado: Yaund:̌ Lambert Academic Publishing, 2019
Materias:
Acceso en línea:Acceso restringido

MARC

LEADER 00000nam a22000007a 4500
005 20190920010210.0
007 cr|||| ||||
008 190920s2019 cm |||||s|||| 00||0 eng d
020 |a 9786200078391 
035 |a 30056 
040 |a vLex 
090 |c 9612  |d 9612 
100 1 |a Amabo, Cecilia Binwi 
245 1 0 |a Human Rights Defenders at Cross Roads in Cameroon  |h [Recurso electrn̤ico] /  |c Cecilia Binwi Amabo 
256 |a Servicio en ln̕ea 
260 |a Yaund:̌  |b Lambert Academic Publishing,  |c 2019 
300 |a 1 recurso electrn̤ico 
500 |a The motivation of this piece of work is driven from the repression faced by human rights defenders in the Cameroons especially following the promulgation in the 2014 anti- terrorism law by the government. This intellectual paddle is focused on the increasing persecution of human rights defenders across the globe either by dictatorial governments or through national legislation's enacted to silence the voices of dissents. In recent years, most African government have developed specific legislations under the guise of fighting terrorism which in effect are mechanism to crackdown on dissents and repress press freedom, freedom of assembly and association as fundamental rights. The work further identifies and analyzed the various challenges wrecking dissents in the Cameroons in the execution of their duties as voices of minorities. It also talks about the press censorship in the country and its effects on the media sector. Also highlighted here are the penalties associated with what is considered a breach of the 2014 anti-terrorism law by the government. Most interestingly, this work will highlight the government’s use of military tribunals to try dissents instead of civilian courts. 
506 1 |a Disponible solo en los productos indicados  |d vLex Global  |d vLex Global (Academic Edition, excluding Law Schools)  |d vLex Global (U.S. Academic Edition, Law Schools)  |d vLex Global (U.S. Academic Edition, excluding Law Schools)  |d vLex Global (Academic Edition, Law Schools) 
650 0 4 |a Economa̕ Espaǫla  |z Camern︢ 
740 0 |a vLex Libros (Servicio en ln̕ea) 
856 4 0 |u http://vlex.com/source/30056  |z Acceso restringido 
942 |c BOOK 
999 0 |a Spanish economy